00211nam a2200097Ia 4500100001500000654002200015245004500037260000900082082001000091546001200101 aGreenwood  aProduction Design aMechanical Details For Production Design bnone a658.5 aENGLISH